Trump vs. Harris - Statistics

General Stats
  • This quiz has been taken 412 times
    173 since last reset
  • The average score is 17 of 21
Answer Stats
Question Answer % Correct
Was a Senator for the state of California Harris
98%
Picked J.D. Vance as their running mate in the 2024 Presidential race Trump
94%
Is running as a Republican in the 2024 Presidential elections Trump
94%
Is running as a Democrat in the 2024 Presidential elections Harris
91%
Has never been President before Harris
91%
Came to the U.S. as an illegal immigrant Neither
91%
Assassination attempt made on them while in a rally in Pennsylvania Trump
91%
Chosen as the Democratic Nominee after Joe Biden dropped out of the Presidential race Harris
89%
Said they were better at golf than Joe Biden Trump
85%
Picked Tim Walz as their running mate for the 2024 Presidential Election Harris
83%
Stated in a debate that Haitians in Springfield, Ohio are eating the dogs, cats, and pets that live there Trump
83%
If this Presidential candidate were to win, they would be the second President to have two non-consecutive terms Trump
83%
Is the current Vice President Harris
81%
Was endorsed by Taylor Swift Harris
81%
Won Pennsylvania in the 2024 election Trump
81%
Known for their obnoxious laugh Harris
79%
Has been married more than once Trump
72%
Built a wall on the U.S.-Mexican border while they were President Trump
72%
If this Presidential candidate were to win the election, they would be the second woman to become a President Neither
70%
Legally has more than 1 kid Both
51%
Will preside over the Electoral College vote counting in the 2024 election Harris
38%
No matching quizzes found
Score Distribution
Percent of People with Each Score
Percentile by Number Answered
Your Score History
You have not taken this quiz since the last reset